[Event "ICS rated blitz match"]
[Site "204.178.125.65"]
[Date "1999.09.07"]
[Round "?"]
[White "Branco"]
[Black "Hossa"]
[Result "0-1"]
[WhiteElo "2349"]
[BlackElo "2478"]
[PlyCount "74"]
[EventDate "1999.??.??"]

1. e4 Nc6 2. d4 d5 3. exd5 Qxd5 4. Nf3 Bg4 5. Be2 O-O-O 6. c4 Qf5 7. Be3 Nb4 8.
Na3 Bxf3 9. gxf3 e5 10. f4 Qe4 11. O-O exd4 12. Bd2 Nd3 13. Nb5 Nxb2 14. Qe1
Qg6+ 15. Kh1 a6 16. Nxd4 Rxd4 17. Bc3 Nd3 18. Bxd3 Qc6+ 19. f3 Rxd3 20. Kg1
Qc5+ 21. Kg2 Qxc4 22. Rc1 Qxa2+ 23. Rf2 Qe6 24. Re2 Qg6+ 25. Kh1 Kd7 26. Be5 c5
27. Qa5 Qc6 28. Kg2 Qxf3+ 29. Kg1 Qxe2 30. Qc7+ Ke8 31. Qb8+ Rd8 32. Qxb7 Qe3+
33. Kg2 Qd2+ 34. Kf3 Rd3+ 35. Kg4 Qe2+ 36. Kg5 h6+ 37. Kf5 37... g6# {
Branco checkmated} 0-1

[Event "ICS rated blitz match"]
[Site "204.178.125.65"]
[Date "1999.09.10"]
[Round "?"]
[White "Brookie"]
[Black "Hossa"]
[Result "0-1"]
[WhiteElo "2014"]
[BlackElo "2474"]
[PlyCount "46"]
[EventDate "1999.??.??"]

1. d4 d5 2. c4 e6 3. e3 c5 4. Nf3 cxd4 5. exd4 Nc6 6. cxd5 exd5 7. Bb5 Bb4+ 8.
Bd2 Qe7+ 9. Qe2 Qxe2+ 10. Kxe2 Bd6 11. Re1 Nge7 12. Kf1 O-O 13. Nc3 Bg4 14.
Bxc6 Nxc6 15. Ne5 Bxe5 16. dxe5 d4 17. Nb5 Rfd8 18. f3 Bf5 19. Nd6 Bd3+ 20. Kf2
Nxe5 21. Nxb7 Rd5 22. Rac1 Ba6 23. Nc5 23... Rxc5 {Brookie resigns} 0-1

[Event "ICS rated blitz match"]
[Site "204.178.125.65"]
[Date "1999.10.02"]
[Round "?"]
[White "BugChess"]
[Black "Hossa"]
[Result "0-1"]
[WhiteElo "2197"]
[BlackElo "2458"]
[PlyCount "67"]
[EventDate "1999.??.??"]

1. e4 Nf6 2. e5 Nd5 3. d4 d6 4. Nf3 g6 5. Bc4 Nb6 6. Bb3 Bg7 7. Ng5 e6 8. f4
O-O 9. O-O Bd7 10. c4 Nc6 11. d5 exd5 12. cxd5 Na5 13. e6 fxe6 14. dxe6 Nxb3
15. Qxb3 Bd4+ 16. Kh1 Qxg5 17. e7+ Qd5 18. exf8=Q+ Rxf8 19. Nc3 Qxb3 20. axb3
Nc8 21. Re1 Rf7 22. Bd2 Bc6 23. Red1 Ne7 24. Ne2 Bc5 25. Nc1 Nd5 26. Nd3 Bb6
27. Bc1 h5 28. Ra2 h4 29. h3 Rf5 30. Ra1 Bb5 31. Ne5 Nxf4 32. Bxf4 dxe5 33. Bh2
e4 34. Rd8+ {BugChess resigns} 0-1

[Event "ICS rated blitz match"]
[Site "204.178.125.65"]
[Date "1999.10.02"]
[Round "?"]
[White "BugChess"]
[Black "Hossa"]
[Result "0-1"]
[WhiteElo "2219"]
[BlackElo "2448"]
[PlyCount "104"]
[EventDate "1999.??.??"]

1. d4 Nf6 2. c4 e6 3. Nc3 Bb4 4. e3 c5 5. Bd3 d5 6. Nf3 O-O 7. O-O Nc6 8. a3
Ba5 9. Ne2 b6 10. Nf4 Re8 11. cxd5 exd5 12. Bb5 Bb7 13. Nd3 Ne4 14. Nde5 Rc8
15. Nxc6 Bxc6 16. Ba6 Rc7 17. Ne5 Ba8 18. Bb5 Ree7 19. f4 f6 20. Nf3 c4 21. Ba6
Qe8 22. b4 b5 23. bxa5 Qc6 24. Bxb5 Qxb5 25. Nd2 Nc3 26. Qe1 Bb7 27. Nf3 Ne4
28. Qb4 Ba6 29. Qxb5 Bxb5 30. a4 Ba6 31. Rd1 c3 32. Re1 Bd3 33. f5 Re8 34. Ra2
Rb7 35. Ba3 g6 36. fxg6 hxg6 37. Rc1 Kf7 38. Raa1 Ke6 39. Ne1 Bc4 40. g3 Rh8
41. Nf3 Rhb8 42. Nh4 g5 43. Nf3 Kf5 44. Re1 Kg4 45. Kg2 Rb2+ 46. Kg1 Kxf3 47.
Bxb2 Rxb2 48. Rf1+ Bxf1 49. Kxf1 Rg2 50. Rd1 c2 51. Rc1 Nd2+ 52. Ke1 52... Re2#
{BugChess checkmated} 0-1

[Event "ICS rated blitz match"]
[Site "204.178.125.65"]
[Date "1999.09.28"]
[Round "?"]
[White "BugChess"]
[Black "Hossa"]
[Result "0-1"]
[WhiteElo "2172"]
[BlackElo "2504"]
[PlyCount "94"]
[EventDate "1999.??.??"]

1. Nc3 d5 2. d4 Bf5 3. e3 Nc6 4. Bd3 Bxd3 5. cxd3 e6 6. Nf3 Bd6 7. O-O Nge7 8.
Bd2 O-O 9. e4 e5 10. dxe5 Nxe5 11. exd5 Nxd3 12. Bg5 Nc5 13. b4 Nd7 14. Qb3 a5
15. bxa5 Nc5 16. Qb4 Qc8 17. Rad1 f6 18. Be3 Nd7 19. Qb5 Ne5 20. Ne4 Nxf3+ 21.
gxf3 Rd8 22. Bd2 Bxh2+ 23. Kxh2 Rxd5 24. Qb3 Kh8 25. Kg1 Ra7 26. f4 Qb8 27.
Rfe1 Ra6 28. Nxf6 Rxf6 29. Rxe7 Qd8 30. Rde1 Rf8 31. Qg3 Rg8 32. Qxg7+ Rxg7+
33. Rxg7 Kxg7 34. Bb4 Kg6 35. Be7 Qd7 36. Bh4 Rxa5 37. Re7 Qh3 38. Bg3 Rh5 39.
f5+ Kf6 40. Re6+ Kf7 41. Bh2 Qxh2+ 42. Kf1 Rxf5 43. Rf6+ Kxf6 44. Ke2 Qxf2+ 45.
Kd3 Qg3+ 46. Kc2 Rf2+ 47. Kc1 47... Qg1# {BugChess checkmated} 0-1

[Event "ICS rated blitz match"]
[Site "204.178.125.65"]
[Date "1999.09.30"]
[Round "?"]
[White "BugChess"]
[Black "Hossa"]
[Result "0-1"]
[WhiteElo "2099"]
[BlackElo "2490"]
[Annotator "Fritz 5.32 (20s)"]
[PlyCount "126"]
[EventDate "1999.??.??"]

1. e4 e5 2. Nc3 Nf6 3. Nf3 Nc6 4. d4 exd4 5. Nxd4 Bb4 6. Nxc6 Bxc3+ 7. bxc3
bxc6 8. Bd3 O-O (8... Qe7 9. O-O O-O 10. Re1 Qc5 11. e5 Nd5 12. Qh5 (12. c4 Nb4
13. Ba3 Qa5 14. Re3 c5 15. Bxh7+ Kxh7 16. Qh5+ Kg8 17. Rh3 f6 18. Qh7+ Kf7 19.
exf6 Rg8 20. fxg7 Bb7 21. Qf5+ Ke7 22. Re1+ Kd6 23. Rh6# {
1-0 Helin,T-Tuovinen,J/Helsinki 1997/EXT 99 (23)}) 12... g6 13. Qh6 Re8 14. c4
Nb6 15. Bg5 Qf8 16. Qh4 Ba6 17. Re3 f5 18. Bf6 Qf7 19. Bxf5 Nxc4 20. Bxg6 Qxg6
21. Rg3 Qxg3 22. Qxg3+ {1-0 Palos,O-Steinberger,H/Porz 1991/EXT 97 (22)}) 9.
O-O 9... Re8 $146 (9... d6 10. Bg5 h6 11. Bh4 Re8 12. Re1 Re6 13. e5 Rxe5 14.
Rxe5 dxe5 15. Bh7+ {1-0 Hager,I-Schmidt Bundschuh,S/Lingen 1995/Juniors (15)})
(9... h6 10. e5 Nd5 11. c4 Nb4 12. Be2 a5 13. a3 Na6 14. Bb2 d5 15. exd6 Qxd6
16. Qe1 Qe6 17. Qc3 f6 18. Rfe1 Qf7 19. Bf3 Be6 20. Bxc6 Rab8 21. Rxe6 Nc5 22.
Ree1 Kh8 23. a4 Rb6 24. Bd5 Qg6 25. Ba3 {
1-0 Chandler,P-Leinweber,M/Giessen 1995/GER (25)}) 10. Re1 Rb8 (10... d6 11.
Qf3 $11) 11. e5 Nd5 12. c4 $11 (12. Qh5 g6 13. Qh6 13... Re6 $14 (13... Nxc3
14. Bg5 Re7 15. Qh4 $18 (15. Bxe7 $6 15... Qxe7 16. Re3 16... a6 $16))) 12...
Nb4 13. Be4 Na6 (13... Rxe5 $2 {wird widerlegt durch} 14. Bxh7+ $1 {
das war die Absicht} 14... Kxh7 15. Rxe5 $18) 14. g3 (14. Ba3 14... c5 $11 (
14... Rxe5 $2 {geht nicht} 15. Bxh7+ Kxh7 16. Rxe5 $18)) 14... Nc5 (14... Rxe5
$2 {scheitert an} 15. Bxh7+ $1 {ganz unerschrocken} 15... Kxh7 16. Rxe5 $18)
15. Bg2 Ba6 16. Ba3 Na4 17. c5 Nb2 18. Qf3 $15 (18. Bxb2 Rxb2 19. Bh3 19... Re7
$11) 18... Nc4 19. Qc3 19... Qe7 {Im Brennpunkt: e5} 20. f4 Qe6 21. Qd3 Bb5 22.
Rac1 22... f6 $11 (22... Rb7 23. Rb1 Reb8 24. Bc1 $11) 23. exf6 23... Qxf6 $14
(23... Qxe1+ 24. Rxe1 Rxe1+ 25. Kf2 $11) 24. Qb3 $15 (24. Bb4 $5 $14 {
ist interessant}) 24... Qd4+ 25. Kh1 25... Rxe1+ $11 (25... a5 $5 $15) 26. Rxe1
a5 (26... d5 27. cxd6 cxd6 28. Bb4 $16) 27. c3 $15 (27. Bc1 $142 {
damit waere Weiss im Spiel geblieben} 27... Rd8 28. Be3 $16) 27... Qf2 (27...
Qd2 28. Rd1 a4 29. Qxc4+ (29. Rxd2 $2 {ist nur auf den ersten Blick gut} 29...
axb3 30. Rf2 30... Nxa3 $19) 29... Bxc4 30. Rxd2 Rb1+ 31. Bf1 Rxf1+ 32. Kg2 $15
) 28. Rf1 Qe2 29. Bc1 29... Re8 $11 (29... a4 30. Qd1 Qxd1 31. Rxd1 $11) 30. a4
Ba6 31. f5 $15 (31. Qd1 Ne3 32. Bxe3 32... Qxe3 $15) 31... Rf8 $11 (31... Qe5
$5 $15) 32. Qd1 Qe7 33. Qd4 Rf7 34. g4 Qe2 35. Bg5 (35. g5 35... Ne5 $14) 35...
h6 {Schwarz ergreift die Initiative} 36. Bf4 Qxg4 37. Bc1 $17 (37. Bxc7 Qxd4
38. cxd4 38... Rf8 $11) 37... Qe2 38. Rf2 38... Qe5 {
Nimmt den isolierten Bauern f5 ins Visier} 39. Qxe5 $19 (39. f6 $5 $17 $142)
39... Nxe5 40. Ba3 (40. Bf1 Bxf1 41. Rxf1 41... Nd3 $17) 40... Bd3 41. f6 (41.
Bh3 Be4+ 42. Kg1 42... Kf8 $19) 41... gxf6 (41... Rxf6 42. Ra2 $19) 42. Rb2 (
42. Bc1 Re7 43. h3 43... Kg7 $19) 42... Nc4 43. Rb8+ $6 {
laesst den Kopf haengen} (43. Ra2 $19) 43... Kh7 44. Re8 (44. Bb4 $19 {
ist noch eine duenne Chance}) 44... Nxa3 45. Rc8 Re7 46. Kg1 Nc4 (46... Nb1 {
ginge schneller} 47. Ra8 Nxc3 48. Rxa5 $19) 47. Rxc7 Rg7 48. Kf2 Kg6 49. Bh3 (
49. h4 {kann das Vorangegangene nicht ungeschehen machen} 49... Re7 $19) 49...
f5 50. Ra7 h5 51. Ra8 h4 52. Rb8 (52. Bg2 {
aendert den traurigen Lauf der Dinge nicht} 52... Re7 53. Bf3 53... Bc2 $19)
52... Kg5 (52... Re7 {ist genauer} 53. Bf1 Bxf1 54. Kxf1 $19) 53. Bg2 f4 54.
Rb7 (54. Bf3 {aendert nichts am Ausgang der Partie} 54... Bc2 $19) 54... Re7
55. Bf3 h3 (55... Re3 $142 {waere im Gewinnsinne praeziser} 56. Rb8 Nd2 57.
Rg8+ Kh6 58. Rh8+ Kg7 59. Rd8 Rxf3+ 60. Ke1 $19) 56. Bd1 (56. Rb8 {
aendert nichts mehr} 56... Re3 $19) 56... Ne3 (56... Nd2 $5 {
laesst dem Gegner kaum Chancen} 57. Rb2 Ne4+ 58. Ke1 $19) 57. Bf3 Ng4+ 58. Bxg4
58... Kxg4 {Droht Matt: Re2} 59. Ra7 (59. Rb2 Re3 60. c4 Rf3+ 61. Ke1 Rf1+ 62.
Kd2 Rf2+ 63. Kxd3 Rxb2 64. Kc3 Rxh2 65. Kd4 Re2 66. Kc3 h2 67. Kd3 f3 68. Kd4
h1=Q 69. Kc3 Qe1+ 70. Kd4 Qd2#) 59... Re2+ 60. Kf1 Rxh2+ 61. Kg1 Re2 62. Rxd7 (
62. Kf1 {hilft allerdings auch nicht} 62... h2 63. Rxa5 h1=Q#) 62... h2+ 63.
Kh1 Be4# 0-1

[Event "ICS rated blitz match"]
[Site "204.178.125.65"]
[Date "1999.09.22"]
[Round "?"]
[White "BugChess"]
[Black "Hossa"]
[Result "1-0"]
[WhiteElo "2195"]
[BlackElo "1990"]
[PlyCount "32"]
[EventDate "1999.??.??"]

1. Nc3 Nf6 2. d3 Ng4 3. e4 Nc6 4. Qxg4 d5 5. Qd1 dxe4 6. Nxe4 Qd5 7. Nf3 Qa5+
8. Bd2 Qb6 9. Nc3 Bg4 10. Nd5 Rd8 11. Nxb6 Nd4 12. Nc4 Nxf3+ 13. gxf3 Be6 14.
Bg2 Bxc4 15. dxc4 Rd6 16. f4 16... c6 {Hossa resigns} 1-0

[Event "ICS rated blitz match"]
[Site "204.178.125.65"]
[Date "1999.10.01"]
[Round "?"]
[White "BugChess"]
[Black "Hossa"]
[Result "1-0"]
[WhiteElo "2134"]
[BlackElo "2364"]
[Annotator "Fritz 5.32 (20s)"]
[PlyCount "77"]
[EventDate "1999.??.??"]

1. e4 e5 2. Nf3 Nc6 3. Bc4 Bc5 4. d3 Nge7 5. Ng5 (5. Nc3 d6 6. Ng5 (6. Be3 Bb6
7. Bb3 Bg4 8. Bxf7+ Kxf7 9. Ng5+ Ke8 10. Qxg4 h5 11. Qf3 Rf8 12. Qxh5+ g6 13.
Qg4 Nd4 14. O-O-O c6 15. f4 Nb3+ 16. axb3 Bxe3+ 17. Kb1 Rxf4 18. Qh3 Qb6 19.
Na4 Qa5 20. Qxe3 Kd7 21. Qh3+ Ke8 22. Ne6 Rf6 23. Qh8+ Kd7 24. Qxa8 Rxe6 25.
Qxb7+ Kd8 26. Rdf1 Ke8 27. Qb8+ Kd7 28. Rf8 28... d5 {
1-0 Gorka,C-Fiser,H/Bensheim 1997/EXT 99 (28)}) 6... O-O 7. Qh5 h6 8. Nxf7
Bxf2+ 9. Kd1 Bg4+ 10. Qxg4 Rxf7 11. Bxf7+ Kxf7 12. Rf1 Nd4 13. Rxf2+ Kg8 14.
Bxh6 g6 15. Nd5 Qc8 16. Nxe7+ {1-0 Reich,T-Stickler,A/Bayern 1989/EXT 97 (16)})
5... d5 6. exd5 Nxd5 7. Qf3 $146 {Weiss erhaelt starke Initiative} (7. Nc3 Be6
8. Nxe6 fxe6 9. Qg4 Nd4 10. O-O O-O 11. Ne4 Nf6 12. Nxf6+ Qxf6 13. Be3 b6 14.
c3 Nf5 15. Bxc5 bxc5 16. Rae1 Rae8 17. f4 Nh6 18. Qh5 exf4 19. Qxc5 Ng4 20. h3
Nh6 21. Qc6 21... Qg5 {Samaritani,F-Keohane,B/Aarhus 1993/EXT 99/0-1 (43)})
7... Be6 8. Nxe6 {Weiss verhindert die kurze Rochade} 8... fxe6 {
Verwehrt dem Gegner d5} 9. O-O g6 (9... Rf8 10. Qh5+ g6 11. Qxh7 $14) 10. Nc3
Nd4 11. Qe4 11... Bd6 $18 (11... c6 12. Qxe5 O-O 13. Bh6 $18) 12. Nxd5 Nxc2 13.
Rb1 exd5 14. Qxd5 {Mit der Mattdrohung Qf7} 14... Kd7 15. Qe6+ Kc6 16. Qd5+ $11
(16. b4 $5 $142 16... Qc8 17. Qd5+ Kd7 18. f4 $18) 16... Kd7 17. Qxb7 Nb4 (
17... Qh4 18. Qe4 Qxe4 19. dxe4 $16) 18. a3 Rb8 19. Qxa7 Nc6 20. Qa4 Qf6 (20...
Ra8 21. Ba6 21... Qf6 $18) 21. Bb5 (21. Bd5 $5 $142 {ist genauer} 21... Rb6 22.
Be3 22... Be7 $18) 21... Bc5 (21... Rxb5 {aendert nichts mehr} 22. Qxb5 Rb8 23.
Qa4 $18) 22. Be3 {Weiss erhaelt Koenigsangriff} 22... Bd4 23. Rbc1 Rxb5 24.
Qxb5 Qd6 25. Bxd4 exd4 26. a4 Rf8 (26... Re8 {nuetzt auch nichts mehr} 27. Rc4
Re6 28. Rfc1 $18) 27. Rc5 Qf6 (27... Rf5 {holt die Kuh nicht vom Eis} 28. Rxf5
gxf5 29. Qxf5+ Qe6 30. Qxh7+ Kc8 31. Rc1 $18) 28. Rc2 {Mit der Absicht Rfc1}
28... Rb8 29. Rxc6 {Droht Matt: Qd5} 29... Qxc6 (29... Rxb5 {
hilft auch nicht mehr} 30. Rxf6 Rxb2 31. Ra1 $18) 30. Qxb8 Qc2 (30... Qe6 $18 {
ist der letzte Strohhalm}) 31. Re1 {Droht Matt} 31... Qxd3 (31... Kd6 {
macht keinen grossen Unterschied} 32. Qe8 Qb3 33. Qe7+ Kc6 34. Rc1+ Qc3 35.
bxc3 dxc3 36. Rxc3+ Kb7 37. Rxc7+ Kb6 38. Qd6+ Ka5 39. Ra7#) 32. Qe8+ Kd6 33.
Qd8+ (33. Re6+ Kc5 34. Re5+ Kb4 35. Rb5+ Kxa4 36. Rb7+ Ka5 37. b4+ Ka6 38. Qc6#
) 33... Kc6 34. Rc1+ Qc3 35. bxc3 d3 36. c4 d2 (36... Kc5 {
aendert nichts am Ausgang der Partie} 37. Qd5+ Kb4 38. Qb5+ Ka3 39. Ra1#) 37.
Qd5+ Kb6 38. Rb1+ Ka6 39. Qa8# 1-0

[Event "ICS rated blitz match"]
[Site "204.178.125.65"]
[Date "1999.10.03"]
[Round "?"]
[White "BugChess"]
[Black "Hossa"]
[Result "0-1"]
[WhiteElo "2261"]
[BlackElo "2407"]
[PlyCount "170"]
[EventDate "1999.??.??"]

1. Nf3 d5 2. g3 c6 3. Bg2 Nf6 4. d3 Nbd7 5. O-O e5 6. Nc3 Bb4 7. Bd2 O-O 8. e3
b6 9. Nh4 Ba6 10. Nxd5 Nxd5 11. Bxd5 Bxd2 12. Bxc6 Ba5 13. Bxa8 Qxa8 14. b4
Bxb4 15. Qg4 Bc3 16. Nf5 g6 17. Ne7+ Kh8 18. Qxd7 Bxa1 19. Rxa1 Rd8 20. Qc6
Qxc6 21. Nxc6 Rc8 22. Nxe5 f6 23. Ng4 Kg7 24. e4 Rxc2 25. d4 Rc4 26. d5 Rxe4
27. Ne3 Ra4 28. d6 Be2 29. Nc2 Kf8 30. d7 Ke7 31. Re1 Rxa2 32. Nd4 a6 33. Nxe2
Kxd7 34. Nf4 Rd2 35. Ne6 f5 36. Nf8+ Kc6 37. Nxh7 Rd6 38. Ng5 Rd2 39. h4 Rd7
40. Nf3 Rd6 41. Re7 Kc5 42. Ne5 Kd4 43. f4 b5 44. Rg7 b4 45. Nxg6 Ke4 46. h5 b3
47. Re7+ Kd3 48. Kh1 b2 49. Ne5+ Kc2 50. Rc7+ Kd1 51. Rb7 Kc1 52. Rxb2 Rd1+ 53.
Kh2 Kxb2 54. Nc4+ Kc3 55. Ne3 Rb1 56. Nxf5 Kd3 57. g4 Ke4 58. Kg3 Rg1+ 59. Kh3
Kxf4 60. h6 Rh1+ 61. Kg2 Rb1 62. Kh3 Kg5 63. Kg3 Rb3+ 64. Kg2 Kf4 65. Nd6 Kxg4
66. Ne4 Rb6 67. h7 Rh6 68. Nc5 Kf4 69. Ne6+ Ke3 70. Nf8 a5 71. Kg1 Rxh7 72.
Nxh7 a4 73. Nf8 a3 74. Ng6 a2 75. Kh2 a1=Q 76. Nh4 Qf1 77. Ng2+ Kf3 78. Ne3
Qf2+ 79. Kh1 Qh4+ 80. Kg1 Qg3+ 81. Kh1 Qh3+ 82. Kg1 Qh5 83. Nd1 Qg4+ 84. Kf1
Qg2+ 85. Ke1 85... Qe2# {BugChess checkmated} 0-1

[Event "ICS rated blitz match"]
[Site "204.178.125.65"]
[Date "1999.10.16"]
[Round "?"]
[White "BugChess"]
[Black "Hossa"]
[Result "0-1"]
[WhiteElo "2195"]
[BlackElo "2460"]
[PlyCount "170"]
[EventDate "1999.??.??"]

1. e4 e5 2. Nf3 Nc6 3. Bc4 Bc5 4. b4 Bxb4 5. c3 Be7 6. d4 Bf6 7. dxe5 Bxe5 8.
Ng5 Nh6 9. O-O Bf6 10. Nf3 Ng4 11. Nd4 Nge5 12. Be2 O-O 13. Na3 Re8 14. Bb2 Ng6
15. Nxc6 bxc6 16. Bd3 d5 17. exd5 Nf4 18. Qf3 Nxd3 19. Qxd3 Rb8 20. Qd2 cxd5
21. Rfe1 Re5 22. f4 Rxe1+ 23. Rxe1 Bg4 24. Kh1 Bh4 25. g3 Bf6 26. Ba1 Be7 27.
Nc2 Bf3+ 28. Kg1 Bc5+ 29. Nd4 Bg4 30. Kh1 Qd7 31. Qg2 Bh3 32. Qe2 Kh8 33. Nb3
Bf8 34. Qf2 Qg4 35. Kg1 a6 36. Na5 Rb6 37. a4 c5 38. Qd2 Qd7 39. Qa2 Rb8 40.
Rd1 Qe6 41. Qd2 Qb6 42. c4 d4 43. Re1 Qc7 44. Bb2 Qd7 45. Ra1 Rb4 46. Qe2 Qc7
47. Ba3 Qxa5 48. Bxb4 Qxb4 49. g4 Qb7 50. g5 Be6 51. Qc2 Qf3 52. Rf1 Qe3+ 53.
Kh1 Bh3 54. Ra1 Qxf4 55. Qd3 Be6 56. g6 hxg6 57. Re1 Bd6 58. Qg3 Qxg3 59. hxg3
Bxg3 60. Rc1 Bf4 61. Re1 Bxc4 62. Re7 Kh7 63. Rd7 g5 64. Kg2 f5 65. Kf3 d3 66.
Rd8 a5 67. Kf2 Kg6 68. Rd7 d2 69. Kf3 Kf6 70. Kf2 Ke6 71. Rxd2 Bxd2 72. Kf3 Bb4
73. Kg3 Bb3 74. Kf3 Bd1+ 75. Ke3 f4+ 76. Kf2 Bc3 77. Kg2 Bxa4 78. Kh3 Bc6 79.
Kg4 Kf6 80. Kh3 Kf5 81. Kh2 Kg4 82. Kg1 Kg3 83. Kf1 Bb5+ 84. Kg1 Bd4+ 85. Kh1
85... Bc6# {BugChess checkmated} 0-1

[Event "ICS rated blitz match"]
[Site "204.178.125.65"]
[Date "1999.10.01"]
[Round "?"]
[White "BugChess"]
[Black "Hossa"]
[Result "1-0"]
[WhiteElo "2092"]
[BlackElo "2406"]
[Annotator "Fritz 5.32 (15s)"]
[PlyCount "159"]
[EventDate "1999.??.??"]

1. d4 Nf6 2. g3 d5 3. Nf3 e6 4. c4 dxc4 5. Bg2 c5 6. O-O cxd4 7. Nxd4 (7. Qa4+
Bd7 8. Qxc4 Na6 9. Qxd4 Bc6 10. Nc3 Qxd4 11. Nxd4 Bxg2 12. Kxg2 Bc5 13. Ndb5
O-O 14. a3 Rfd8 15. b4 Bb6 16. Na4 Rac8 17. Nxb6 axb6 18. Bf4 Nd5 19. Rac1
Nxf4+ 20. gxf4 Kf8 21. e4 21... Rc6 {
Kortschnoj,V-Miles,A/London 1984/MCL/ - (45)}) 7... Be7 $146 (7... a6 8. Qa4+
Qd7 9. Qxc4 b5 10. Qb3 Bb7 11. Bxb7 Qxb7 12. a4 b4 13. Nd2 Bc5 14. Qf3 Qxf3 15.
N4xf3 Nc6 16. Nb3 Ba7 17. Bf4 O-O 18. Rac1 Rfc8 19. Rc4 Nd5 20. Rfc1 Nce7 21.
Bc7 Ne3 22. fxe3 {Scheeren,P-Van der Wiel,J/Hilversum 1984/MCD/ - (47)}) (7...
Qb6 8. Nc3 Bd7 9. Be3 Bc5 10. b4 cxb3 11. Rb1 Bxd4 12. Bxd4 Qc7 13. Qxb3 Bc6
14. Qa3 Bxg2 15. Nb5 Qd7 16. Nd6+ Kf8 17. Kxg2 Qc6+ 18. Kg1 Qa6 19. Qxa6 bxa6
20. Bxf6 gxf6 21. Rb7 Nc6 22. Rc1 {
Mikhalevski,V-Murrey,J/Israel 1997/CBM 61/[Mikhalevski,V]/1-0 (38)}) (7... Bc5
8. Qa4+ Nbd7 9. Qxc4 O-O 10. Nc3 a6 11. Nb3 Ba7 12. Qh4 h6 13. g4 Rb8 14. Qg3
e5 15. g5 Nh5 16. Qf3 g6 17. Ne4 f5 18. gxf6 Kh7 19. Rd1 Nhxf6 20. Be3 Bxe3 21.
Qxe3 Nxe4 22. Bxe4 {Inkiov,V-Drenchev,P/Sofia 1996/EXT 99/1-0 (32)}) (7... e5
8. Qa4+ Bd7 9. Qxc4 exd4 10. Bxb7 $17) 8. Qa4+ {Weiss ergreift die Initiative}
8... Nbd7 9. Qxc4 O-O 10. Nf3 10... Nd5 $14 (10... b6 11. Rd1 Bb7 12. Nc3 $11)
11. e4 N5b6 12. Qc2 e5 13. Rd1 13... f6 {Sichert g5} 14. a4 Rb8 (14... a5 $5
$16) 15. Be3 (15. a5 Na8 16. Be3 b6 17. axb6 17... a6 $18) 15... a5 16. Qb3+
Kh8 17. Na3 Bb4 18. Nb5 (18. Nc2 Qe7 19. Nxb4 Qxb4 20. Qxb4 20... axb4 $18)
18... Qe7 19. Qc2 $14 (19. Rac1 19... f5 $16) 19... Qe6 20. Rdc1 Rd8 21. Qc7
Re8 22. Bxb6 Qxb6 23. Bh3 $11 (23. Rd1 Qxc7 24. Nxc7 24... Rg8 $11) 23... Rd8
$14 (23... Qxc7 $5 {kam sehr in Betracht} 24. Nxc7 Nc5 25. Nxe8 25... Bxh3 $11)
24. Rc4 $11 (24. Rd1 $5 {ist vielleicht staerker} 24... Qxc7 25. Nxc7 $14)
24... Qxc7 25. Rxc7 (25. Nxc7 $2 25... Nb6 26. Rxb4 26... axb4 $19) 25... Nc5
26. Rxc8 Rbxc8 27. Bxc8 Rxc8 28. Nd6 Rc6 29. Rd1 g6 30. b3 b6 31. Kg2 $19 (31.
h4 Nxb3 32. Nb7 Rc1 33. Rxc1 33... Nxc1 $19) 31... Kg8 $17 (31... Nxb3 32. Nb7
$19) 32. h4 $19 (32. Nc4 Nxb3 33. Rd8+ Kg7 34. Rd7+ 34... Kf8 $19) 32... h5 33.
Kh2 (33. Rd5 Nxb3 34. Nb7 34... Rc2 $19) 33... Kf8 (33... Nxb3 34. Nb5 $19) 34.
Kg2 Ke7 (34... Nxb3 35. Nb7 $19) 35. Nc4 Nxe4 36. Ne3 Ke6 37. Rd8 (37. Nc4 Nc5
38. Rb1 38... Ke7 $19) 37... Nc5 (37... Rc3 $5 38. Re8+ Kf7 39. Rd8 $19) 38.
Re8+ Kd7 39. Rg8 Nxb3 40. Rg7+ 40... Ke6 $17 (40... Be7 41. Nd5 Re6 42. Nxe7
Rxe7 43. Rxg6 $19) 41. Rxg6 Nc5 (41... e4 42. Ng5+ Ke5 43. Nf7+ Kd4 44. Nd8 $17
) 42. Ng5+ Kd7 43. Nh7 Nxa4 (43... Ke8 44. Rxf6 (44. Nxf6+ $4 44... Kf7 45. Rg5
45... Rxf6 $19) 44... Rxf6 45. Nxf6+ Kf7 46. Nxh5 Nxa4 47. Kf3 $15) 44. Nxf6+
Ke7 45. Nfd5+ Kd7 46. Rg5 $15 (46. Nf6+ $5 {kommt in Betracht} 46... Kc8 47.
Rg8+ Kb7 48. Nxh5 $11) 46... Rh6 47. Rxe5 47... Kc6 $11 (47... Bd6 48. Rxh5
Rxh5 49. Nf6+ Ke6 50. Nxh5 $11) 48. Nxb4+ axb4 49. Nc2 49... Kd6 $16 (49... b3
50. Nd4+ Kd6 51. Rb5 $14) 50. Rb5 b3 51. Rxb3 Kc5 52. Rf3 Rh8 53. Rf7 Nb2 54.
f4 54... Rd8 $18 (54... Nc4 55. Rf5+ Kd6 56. Kf3 $16) 55. Rh7 Rd2+ (55... Rd3
56. Rxh5+ Kc4 57. Kh3 $18) 56. Kf1 $16 (56. Kf3 $5 $18 $142) 56... Kc4 57. Ne3+
Kd4 58. Ke1 (58. Nd5 Rd1+ 59. Ke2 Kxd5 60. Rd7+ Ke6 61. Rxd1 Nxd1 62. Kxd1
62... Kd5 $16) 58... Kxe3 $4 $18 {vergroessert seine Probleme} (58... Rh2 $142
59. Nf5+ 59... Kd3 $16) 59. Re7+ Kd3 60. Rd7+ 60... Ke3 {Droht Matt: Rxd7} 61.
Rxd2 Nc4 62. Rd5 Kf3 (62... Ke4 {hilft allerdings auch nicht} 63. Rxh5 Nd6 64.
Ke2 $18) 63. Rd3+ (63. f5 $142 {entschiede die Partie sofort} 63... Ne3 64. Rd3
64... Ke4 $18) 63... Kg2 (63... Ke4 {haette noch versucht werden koennen} 64.
Ke2 64... b5 $18) 64. Ke2 (64. g4 Nb2 65. Rd2+ Kg3 66. gxh5 66... Nc4 $18)
64... b5 (64... Kh3 {aendert nichts mehr} 65. Rd4 Na5 66. Kf3 $18) 65. Rd5 (65.
g4 $142 {machte sofort alles klar} 65... hxg4 66. h5 $18) 65... Kxg3 (65... b4
{koennte noch eine geringe Chance darstellen} 66. g4 66... hxg4 $18) 66. Rxh5 {
Der Freibauer h4 fuehrt schnell zu Drohungen} (66. f5 $142 {und Weiss gewinnt}
66... Kf4 67. f6 $18) 66... Nd6 67. Rd5 {Weiss erhaelt Koenigsangriff} 67...
Ne4 (67... Nf7 {aendert den traurigen Lauf der Dinge nicht} 68. f5 b4 69. Rd4
$18) 68. Ke3 Nc3 (68... Nf6 {aendert nichts mehr} 69. Rg5+ Ng4+ 70. Ke4 Kxh4
71. Rxb5 Nf2+ 72. Kf3 $18) 69. Rd3 Na2 (69... Kxh4 {
wuerde die Partie noch etwas verlaengern} 70. Rxc3 70... Kh5 $18) 70. h5 b4 71.
Rd7 (71. h6 b3 72. Rd7 Kg2 73. Rg7+ Kf1 74. h7 Nb4 75. h8=Q Nc2+ 76. Kd2 Kf2
77. Qh3 Ne3 78. Qxe3+ Kf1 79. Qe2#) 71... b3 (71... Nc3 {
hilft allerdings auch nicht} 72. Rg7+ Kh2 73. h6 Nd5+ 74. Kf2 Nxf4 75. h7 Nh3+
76. Kf1 b3 77. h8=Q b2 78. Rg2+ Kh1 79. Qxh3#) 72. Rb7 $18 (72. Rg7+ Kh2 73. h6
Nb4 74. h7 Nd5+ 75. Kf3 Nxf4 76. h8=Q+ Nh3 77. Rg2+ Kh1 78. Qxh3#) 72... Kg4
73. h6 {Es droht Matt} 73... b2 74. h7 $1 {zwingend und schoen} 74... Nc3 (
74... Nb4 {nuetzt auch nichts mehr} 75. Rb5 $1 {huebsch} 75... Nc2+ 76. Ke4 Kg3
77. Rg5+ Kf2 78. h8=Q Ke2 79. Rg2+ Kd1 80. Qh5+ Kc1 81. Qh1+ Ne1 82. Qxe1#) 75.
Rg7+ Kf5 76. h8=Q Nd5+ 77. Kd4 Nxf4 78. Qh7+ Ke6 (78... Kf6 {
holt die Kuh nicht vom Eis} 79. Qh6+ Kf5 80. Rg5#) 79. Qh6+ Kf5 80. Rg5# 1-0

[Event "ICS rated blitz match"]
[Site "204.178.125.65"]
[Date "1999.10.03"]
[Round "?"]
[White "BugChess"]
[Black "Hossa"]
[Result "1-0"]
[WhiteElo "2248"]
[BlackElo "2420"]
[PlyCount "113"]
[EventDate "1999.??.??"]

1. c4 Nf6 2. Nc3 e5 3. Nf3 Nc6 4. g3 Bb4 5. Nd5 Bc5 6. Bg2 O-O 7. O-O d6 8. e3
Bg4 9. h3 Bh5 10. d3 Nxd5 11. cxd5 Nb4 12. g4 Bg6 13. e4 c6 14. a3 Na6 15. h4
cxd5 16. h5 dxe4 17. Ne1 Bxh5 18. gxh5 f5 19. dxe4 fxe4 20. Bxe4 Bxf2+ 21. Rxf2
Rxf2 22. Bd5+ Rf7 23. Bxf7+ Kxf7 24. Qd5+ Kf8 25. Be3 Qc7 26. Nc2 g6 27. Bh6+
Ke7 28. Nd4 exd4 29. Rf1 Re8 30. Qf7+ Kd8 31. Bg5+ Qe7 32. Bxe7+ Rxe7 33. Qg8+
Kd7 34. Rc1 Nc5 35. b4 b6 36. bxc5 dxc5 37. hxg6 hxg6 38. Qd5+ Kc7 39. Qxd4
Re1+ 40. Kh2 Rxc1 41. Qf4+ Kc6 42. Qxc1 Kb5 43. Qd2 Kc4 44. Qd7 b5 45. Qxa7 g5
46. Qa6 g4 47. a4 Kd5 48. axb5 Ke5 49. b6 Kd5 50. b7 Ke4 51. b8=Q Kf5 52. Qf8+
Ke5 53. Qb8+ Kf5 54. Qbc8+ Kf4 55. Qc4+ Kf3 56. Q8xg4+ Ke3 57. Qce2# {
Hossa checkmated} 1-0